000 01023cam a22002531 4500
001 l 43000004
003 DLC
005 20260227111538.0
008 761110s1942 dcua f100 0 eng
010 _al 43000004
035 _a(OCoLC)2550181
040 _aDLC
_cArCCA
_dArCCA
_dOCoLC
_dMo
_dDLC
042 _apremarc
050 0 0 _aHV741
_b.W67 1939-40f
082 _a362.706173
_a362.706373
111 2 _aWhite House Conference on Children in a Democracy
_d(1939-1940 :
_cWashington, D.C.)
245 1 0 _a... Final report ...
260 _a[Washington,
_bU.S. Govt. print. off.,
_c1942]
300 _axxii, 392 p.
_bincl. illus. (maps) tables, diagrs.
_c25 cm.
490 0 _a[U. S. Children's bureau. Publication
_vno. 272
500 _a"Main sources of factual material included in final report": p. 390-392. "Publications of the White House conference on children in a democracy issued by the Children's bureau": p. ii.
650 0 _aChild welfare
_zUnited States
_vCongresses.
650 0 _aChild care
_vCongresses.
999 _c36417
_d36417